Darstellung von Lösungen linearer elliptischer Differentialgleichungen

Saved in:
Bibliographic Details
Format: Book
Language:German
Published: Berlin Akademie 1981
Tags: Add Tag
No Tags, Be the first to tag this record!

MARC

LEADER 00000nam a2200000 4500
001 c131639
005 20250701071100.8
041 0 |a ger 
044 |a DE 
245 1 0 |a Darstellung von Lösungen linearer elliptischer Differentialgleichungen  |c G. Wildenhain 
264 1 |a Berlin  |b Akademie  |c 1981 
300 |a 92 s.